| 000 | 00806nam a2200253Ia 4500 | ||
|---|---|---|---|
| 003 | OSt | ||
| 005 | 20220930185300.0 | ||
| 006 | a|||||r|||| 00| 0 | ||
| 007 | ta | ||
| 008 | 220926b |||||||| |||| 00| 0 eng d | ||
| 020 |
_a978113875334 _c795 |
||
| 024 | _a17022 | ||
| 037 |
_bCBS/172, 10/12/2014, Classic Book Service _cTextbook |
||
| 040 |
_aCRL _cCRL _beng |
||
| 041 |
_2eng _aeng |
||
| 082 | _aV29W:19.P1, Q5 | ||
| 100 |
_aBhattachrya Rakhee _9557802 |
||
| 245 | 0 |
_aNoretheastern India and its neighbours _b Negotiating security and development |
|
| 260 |
_aLondon _bRoutledge UK _c2015 |
||
| 300 |
_axiv, 270p. _ccm. |
||
| 650 | _aHISTORY | ||
| 942 |
_hV29W:19.P1, Q5 _cTB _2CC |
||
| 999 |
_c889872 _d889872 |
||